Geografía económica / Pierre George ; traducción castellana de Carmen Huera
Descripción Física:
362 p. : amb map. ; 21 cm
Colección:
Ariel Geografía
Otros Autores:
Huera Cabeza, Carmen, ? - 2017
Materias:
Geografia econòmica
MARC
| LEADER | 00000nam a2200000Ia 4500 | ||
|---|---|---|---|
| 001 | 1684 | ||
| 008 | 160829s1984 xx 000 0 cat d | ||
| 080 | |a M-2-216 | ||
| 100 | |a George, Pierre |9 37773 | ||
| 245 | |a Geografía económica / Pierre George ; traducción castellana de Carmen Huera | ||
| 250 | |a 2a ed. | ||
| 260 | |a Barcelona : |b Ariel, |c 1984 | ||
| 300 | |a 362 p. : |b amb map. ; |c 21 cm | ||
| 490 | |a Ariel Geografía | ||
| 650 | |a Geografia econòmica |9 37869 | ||
| 700 | 1 | |a Huera Cabeza, Carmen, |d ? - 2017 |e traductor |9 35643 | |
| 901 | |a Arxiu | ||
| 942 | |n 1 |2 udc | ||
| 952 | |0 0 |1 0 |4 0 |6 M2216 |7 1 |9 48127 |a Arxiu |b Arxiu |d 2016-12-01 |l 0 |o M-2-216 |p 1684 |r 2016-12-01 00:00:00 |w 2016-12-01 |y ARXIU | ||
| 999 | |c 51930 |d 51930 | ||